000
00302nam a22001217a 4500
008
160427b xxu||||| |||| 00| 0 eng d
020
_a
9780803614529
020
_a
100803614527
041
_a
eng
080
_a
618.2
245
_a
Psychiatrica mental health nursing;
_c
Mary C. Townsend;
942
_2
udc
_c
BK
999
_c
1624
_d
1624